| 000 | 00530nab a2200157Ia 4500 | ||
|---|---|---|---|
| 003 | ES-SlBCS | ||
| 005 | 20210601125305.0 | ||
| 008 | 140529s2000 xxu||||| |||| 00| 0 eng d | ||
| 041 | _aeng | ||
| 100 | 1 |
_aCrisp, Thomas M. _9156378 |
|
| 245 | 0 | 4 |
_aThe Irrelevance of Indeterministic Counterexamples to Principle Beta _c Thomas M. Crisp, Ted A. Warfield |
| 650 | 0 | 4 |
_aLibertad _986297 |
| 700 | 1 |
_aWarfield, Ted A. _9151107 |
|
| 773 | 0 |
_tPhilosophy and Phenomenological Research _gvol. 61, 2000, págs. 173-184 _wRev1411 |
|
| 942 | _cAR | ||
| 999 |
_c527926 _d527926 |
||